| 000 | 00781nam a22002057a 4500 | ||
|---|---|---|---|
| 999 |
_c3571 _d3571 |
||
| 003 | AR-CdUCM | ||
| 008 | 190306b ||||| |||| 00| 0 spa d | ||
| 040 |
_aMUNICIPALIDAD PROVINCIAL DEL CUSCO _cBIBLIOTECA MUNICIPAL DEL CUSCO |
||
| 082 |
_a373 / _bSA161 |
||
| 100 |
_aSalas Zamalloa, Hernando _911691 |
||
| 245 |
_aLenguaje _bPara el primer año de secundaria de acuerdo con el programa oficial vigente / |
||
| 260 |
_aCuzco : _bEncuadernación de R. Rosalió Bocangel, _c1963. |
||
| 300 |
_a97 paginas ; _c21 cm. |
||
| 505 | _aInstrucciones nociones i ejemplos para el desarrollo de las asignaciones -- Teoría gramatical i practicas. | ||
| 650 |
_aLenguaje _95227 |
||
| 650 |
_aTeoría gramatical _92068 |
||
| 650 |
_aOrtografía _92067 |
||
| 942 |
_2ddc _cLIBROS |
||
| 945 | _awnts | ||